[Event "Rheinland Pfalz op 3rd"]
[Site "Gau Algesheim"]
[Date "2011.07.29"]
[Round "3"]
[White "Abukheit, Abdelraheem"]
[Black "Klein, Gerhard"]
[Result "0-1"]
[WhiteElo "1704"]
[BlackElo "1940"]
[PlyCount "48"]
[EventDate "2011.07.28"]
[EventType "swiss"]
[EventRounds "7"]
[EventCountry "GER"]
[SourceTitle "EXT 2013"]
[Source "ChessBase"]
[SourceDate "2012.11.22"]
[SourceVersion "1"]
[SourceVersionDate "2012.11.22"]
[SourceQuality "1"]

1. e4 c5 2. Nf3 Nc6 3. Nc3 d6 4. d4 cxd4 5. Nxd4 Bd7 6. Nxc6 Bxc6 7. Be3 Nf6 8. Qd3 a6 9. Be2 e6 10. f4 Qa5 11. 0-0 d5 12. exd5 Nxd5 13. Nxd5 exd5 14. Bd4 Qc7 15. Rae1 0-0-0 16. Bg4+ Bd7 17. Bxd7+ Qxd7 18. Bb6 Re8 19. Qc3+ Kb8 20. Rxe8+ Qxe8 21. Re1 Qc6 22. Qxc6 bxc6 23. Re8+ Kb7 24. Ba5 Bc5+ 0-1